Sasha Banks WWE PPV Opponents - Statistics

General Stats
  • This quiz has been taken 103 times
  • The average score is 112 of 136
Answer Stats
Event Wrestler % Correct
Clash of Champions 2016 | Elimination Chamber 2018 | Hell in a Cell 2020 | +6 others Bayley
98%
Clash Of Champions 2019 | Crown Jewel 2021 | Hell in a Cell 2019 | +7 others Becky Lynch
95%
Battleground 2015 | Battleground 2016 | Clash of Champions 2016 | +5 others Charlotte
95%
Hell in a Cell 2016 | Money In The Bank 2018 | Roadblock: End of the Line | +2 others Charlotte Flair
95%
Elimination Chamber 2019 | Fastlane 2016 | Money In The Bank 2018 | +4 others Naomi
95%
Elimination Chamber 2019 | Elimination Chamber 2021 | Fastlane 2017 | +6 others Nia Jax
95%
Backlash 2020 | Elimination Chamber 2018 | Great Balls Of Fire | +4 others Alexa Bliss
92%
Crown Jewel 2021 | Survivor Series 2019 | Survivor Series 2021 | WrestleMania 37 Bianca Belair
92%
SummerSlam 2015 Paige
89%
Elimination Chamber 2019 | Evolution | Survivor Series 2021 | WrestleMania 38 Liv Morgan
88%
Money In The Bank 2018 | Survivor Series 2016 | Survivor Series 2017 | +3 others Natalya
88%
Survivor Series 2019 | Survivor Series 2021 | WrestleMania 38 Rhea Ripley
88%
Extreme Rules 2020 | SummerSlam 2020 | Survivor Series 2018 | +2 others Asuka
85%
Battleground 2015 | Royal Rumble 2018 | SummerSlam 2015 Brie Bella
85%
Elimination Chamber 2019 | Royal Rumble 2021 | Survivor Series 2016 | +5 others Carmella
85%
Royal Rumble 2018 | SummerSlam 2015 Nikki Bella
85%
Elimination Chamber 2019 | Fastlane 2016 | Fastlane 2019 | +3 others Tamina
83%
Royal Rumble 2019 Ronda Rousey
80%
Elimination Chamber 2019 | Evolution | Survivor Series 2019 Sarah Logan
74%
Elimination Chamber 2021 | Fastlane 2021 | Payback 2020 | WrestleMania 38 Shayna Baszler
72%
Extreme Rules 2017 | SummerSlam 2015 Alicia Fox
71%
Evolution Ruby Riott
68%
Elimination Chamber 2018 | Elimination Chamber 2019 | Survivor Series 2018 Mandy Rose
66%
Elimination Chamber 2018 | Elimination Chamber 2019 | Survivor Series 2018 Sonya Deville
66%
Survivor Series 2019 Kairi Sane
65%
Backlash 2020 Nikki Cross
65%
Backlash 2020 | Elimination Chamber 2019 | WrestleMania 35 Billie Kay
63%
WrestleMania 35 Beth Phoenix
62%
Backlash 2020 | Elimination Chamber 2019 | WrestleMania 35 Peyton Royce
62%
Elimination Chamber 2018 Mickie James
58%
Royal Rumble 2022 | Survivor Series 2021 | WrestleMania 38 Zelina Vega
55%
Battleground 2016 Dana Brooke
54%
WrestleMania 36 Lacey Evans
54%
No Mercy 2017 Emma
51%
Money In The Bank 2018 Ember Moon
49%
Survivor Series 2019 Io Shirai
48%
Money In The Bank 2018 Lana
48%
Survivor Series 2019 Toni Storm
35%
Survivor Series 2019 Candie LeRae
32%
Extreme Rules 2017 Noam Dar
11%
No matching quizzes found
Score Distribution
Percent of People with Each Score
Percentile by Number Answered
Your Score History
You have not taken this quiz